00765nam a2200181 a 450000100100000000500170001000800410002702000180006804000250008610000420011124501410015324600460029426000470034050400300038770000440041795201050046199900170056600004379620201002044955.0140501s2014 pn ac 000 0 spa d a9789962056607 aDO-SdBNPbspacBNPHU1 aDel Cid Felipe, José Alberto97162910aRúbrica Histórica e Iconografía sobre el 9 de Enero de 1964. /cJosé Alberto Del Cid Felipe; prólogo Marcos Ramírez Gómez.12aIconografía sobre el 9 de enero de 1964 aPanama, :bUniversidad de Panamá,c2014. aBibliografía p: 123-12412aRamírez Gómez, Marcoseprol.971630 001050718MOaGRbGRcCTd2014-05-01iLF1l0o p43796-10r2020-06-25w2020-06-25y1ZNo se presta c43285d43285